Central Library OPAC University of Rajshahi

A history of Russian literature : (Record no. 21914)

MARC details
000 -LEADER
fixed length control field 00955cam a2200253 a 4500
001 - CONTROL NUMBER
control field 21914
003 - CONTROL NUMBER IDENTIFIER
rucl marc code BD-RjUL
005 - DATE AND TIME OF LATEST TRANSACTION
control field 20211209000738.0
008 - FIXED-LENGTH DATA ELEMENTS--GENERAL INFORMATION
fixed length control field 140305r19641949enk 001 0 eng d
035 ## - SYSTEM CONTROL NUMBER
System control number (BD-RjUL)21979
040 ## - CATALOGING SOURCE
Original cataloging agency ANL
Language of cataloging eng
Transcribing agency ANL
Modifying agency BD-RjUL
041 ## - LANGUAGE CODE
Language code of text/sound track or separate title eng
082 00 - DEWEY DECIMAL CLASSIFICATION NUMBER
Classification number 891.709
Author mark and year MIH 1964
100 1# - MAIN ENTRY--PERSONAL NAME
Personal name Mirsky, D. S.,
Dates associated with a name 1890-1939.
9 (RLIN) 67655
245 12 - TITLE STATEMENT
Title A history of Russian literature :
Remainder of title comprising A history of Russian literature and Contemporary Russian literature /
Statement of responsibility, etc. D.S. Mirsky ; edited and abridged by Francis J. Whitfield
260 ## - PUBLICATION, DISTRIBUTION, ETC. (IMPRINT)
Place of publication, distribution, etc. London :
Name of publisher, distributor, etc. Routledge & Kegan Paul,
Date of publication, distribution, etc. c1959 [Reprinted 1964].
300 ## - PHYSICAL DESCRIPTION
Pagination xi, 518 p. , xxiv ;
Size 22 cm.
504 ## - BIBLIOGRAPHY, ETC. NOTE
Bibliography, etc Bibliography: pp. 517-518
Bibliography, etc Includes index.
650 #0 - SUBJECT ADDED ENTRY--TOPICAL TERM
Topical term or geographic name as entry element Russian literature
General subdivision History and criticism.
9 (RLIN) 61011
700 1# - ADDED ENTRY--PERSONAL NAME
Personal name Whitfield, Francis J.
Fuller form of name (Francis James),
Dates associated with a name 1916-1996.
942 ## - ADDED ENTRY ELEMENTS (KOHA)
Source of classification or shelving scheme Dewey Decimal Classification
Koha item type Books
Holdings
Lost status Source of classification or shelving scheme Damaged status Not for loan Collection code Permanent Location Current Location Shelving location Date acquired Source of acquisition Cost, normal purchase price Total Checkouts Full call number Date last seen Copy number Koha item type
  Dewey Decimal Classification     Non-fiction Central Library, University of Rajshahi Central Library, University of Rajshahi   23/05/1968 Sweet & Zeitlinger 40.00   891.709 MIH 1964 05/03/2014 C-2 Books